| 000 | 00626nam a2200181Ia 4500 | ||
|---|---|---|---|
| 008 | 090124s9999 xx 000 0 und d | ||
| 082 | _b20571 | ||
| 100 | _aकोल्हटकर श्रीपद कृष्ण | ||
| 245 | _a सुदाम्याचे पोहे | ||
| 250 | _a8 | ||
| 260 | _c1973 | ||
| 300 | _a22+410 | ||
| 600 | _aकोल्हटकर श्रीपद कृष्ण | ||
| 630 | _a सुदाम्याचे पोहे | ||
| 700 | _aकोल्हटकर श्रीपद कृष्ण | ||
| 730 | _a सुदाम्याचे पोहे | ||
| 942 | _cBOOK | ||
| 999 |
_c134375 _d134375 |
||